LEADER 01059nam a2200253 a 4500 001 000000121435 003 CaOOAMICUS 005 20100428112234.0 008 100428s1900 fr bfd u000 u fre r 040 $aPUL$bita$dMCT 100 1 $aCarra de Vaux, Bernard,$cbaron,$dn. 1867.$0(OLS)http://pul/name/12554 245 10$aAvicenne /$cpar le B.on Carra de Vaux. 260 $aParis :$bFélix Alcan,$c1900. 300 $aVII, 302 p., [1] c. di tav. :$bc. geogr. ripieg., grafici ;$c24 cm 490 1 $aGrands philosophes 504 $aBibliografia in nota. 600 04$aAvicenna$q980-1037.$0(OLS)http://pul/subject/36784 830 4$aLes Grands philosophes (F. Alcan).$0(OLS)http://pul/title/35327 850 $aPUL 852 $aPUL$W1$xDP1 Filosofia 1$y19$m590 D 3$j139326$qStampati$B138542$CPULBib$Z2$F138542 $H38393 $82 941 1 $a8 961 $aTimbro: Bibliothèque Procure de St. Sulpice, Rome. 996 $6245$aAvicenne$9(OLS)http://pul/title/152790 996 $6260$aParis :$bFélix Alcan$9(OLS)http://pul/publisher/50860 LEADER 01023naa a2200217 u 4500 001 000000099685 003 CaOOAMICUS 005 20070226130159.0 008 051005s2000 it u000 u ita u 035 $a11061864 040 $aIAR$bita 100 1 $aBurigana, Riccardo,$d1964-$0(OLS)http://pul/name/35943 245 10$a[Recensione :] K.A. Seaver: The frozen echo. Greenland and the exploration of North America ca. A.D. 1000-1500 /$cRiccardo Burigana. 260 $aBologna :$bEd. Dehoniane,$c2000. 300 $aS. 716-719 ;$c22 cm 600 14$aSeaver, K. A.$tFrozen echo.$0(OLS)http://pul/subject/31965 730 0 $aCristianesimo nella storia$g[Spogli].$0(OLS)http://pul/title/7312 773 0 $aCristianesimo nella storia ;.$tvol. XXI (2000) 773 0 $tCristianesimo nella storia$w()5012 996 $6245$a[Recensione :] K.A. Seaver: The frozen echo. Greenland and the exploration of North America ca. A.D. 1000-1500$9(OLS)http://pul/title/126564 996 $6260$aBologna :$bEd. Dehoniane$9(OLS)http://pul/publisher/48282